Agro-economics of dairy development in India (Record no. 353516)

000 -LEADER
fixed length control field 00345cam a22001217a 4500
008 - FIXED-LENGTH DATA ELEMENTS--GENERAL INFORMATION
fixed length control field 180718b1986 xxu||||| |||| 00| 0 eng d
082 ## - DEWEY DECIMAL CLASSIFICATION NUMBER
Classification number Z3x54 Si64
100 ## - MAIN ENTRY--PERSONAL NAME
Personal name Singh, Surender
245 ## - TITLE STATEMENT
Title Agro-economics of dairy development in India
Statement of responsibility, etc. by Surender Singh
260 ## - PUBLICATION, DISTRIBUTION, ETC.
Place of publication, distribution, etc. Delhi
Name of publisher, distributor, etc. Criterion
Date of publication, distribution, etc. 1986
300 ## - PHYSICAL DESCRIPTION
Extent 188p.
650 ## - SUBJECT ADDED ENTRY--TOPICAL TERM
Topical term or geographic name entry element Dairy farms - India
Holdings
Withdrawn status Lost status Damaged status Not for loan Permanent Location Current Location Date acquired Full call number Barcode Date last seen Price effective from Koha item type
        Indian Institute of Public Administration Indian Institute of Public Administration 1993-12-03 Z3x54 Si64 62074 2018-07-21 2018-07-21 Book

Powered by Koha